000 01956nab a2200253 a 4500
005 20250930152312.0
008 991125c2019 sp fr p o 000 0 spa d
035 _aUPN01000234438
040 _aMX-MxUPN
_bspa
_cMX-MxUPN
_eaacr2
049 _aART-E
100 1 _aFernández Morales, Juan José
_6- juanjosedez@gmail.com
245 1 0 _aUna lectura de El parricida, de Martínez de la Rosa. Caso cerrado
_h[recurso electrónico en línea]
506 0 _aAcceso abierto
520 3 _aEl presente artículo aporta, desde la radical historicidad de la literatura, una lectura crítica de El parricida (1856), el último texto escénico de Martínez de la Rosa. Un texto que el escritor granadino no quiso que apareciera en sus Obras completas y que solo había sido comentado por Arsenio Alfaro en su tesis inédita de 1965: Francisco Martínez de la Rosa (1787-1862): A Study in the Transition from Neo-Classicism to Romanticism and Eclecticism in Spanish Literature, [tesis inédita], Michigan, Columbia University, Ph. D. Por nuestra parte, habíamos planteado una hipótesis sobre este texto en Martínez de la Rosa. Crítica e historia de un escenario (2010), que corroboramos en este artículo. El parricida (1856) representa, junto con Amor de padre (1849), el final de los dos dramas románticos de Martínez de la Rosa: Aben Humeya (1830) y La conjuración de Venecia (1834). Asimismo, este artículo reivindica a un escritor que inauguró el romanticismo español en el teatro y que fue presidente del Gobierno.
650 4 _aHistoria
_91690
650 4 _aLiteratura
_95741
653 0 _aRomanticismo
653 0 1 _aMartínez de la Rosa, Francisco, 1787-1862
773 _gNo. 20 (2019), p. 1-15
_tÁlabe : revista de investigación sobre lectura y escritura
_x2171-9624
856 4 0 _uhttp://revistaalabe.com/index/alabe/article/view/530/329
902 _aGloriaJiménez/191022
_bGloriaJiménez/191022
905 _aArticulo
942 _cART-E
999 _c206533
_d206533